Country Flight Destinations - Bangladesh - Statistics

General Stats
  • This quiz has been taken 37 times
  • The average score is 15 of 23
Answer Stats
Answer % Correct
China
93%
India
93%
Qatar
86%
Thailand
86%
United Arab Emirates
86%
Sri Lanka
79%
United Kingdom
79%
Bahrain
71%
Malaysia
71%
Maldives
71%
Nepal
71%
Oman
71%
Singapore
71%
Bhutan
64%
Kuwait
64%
Pakistan
64%
Saudi Arabia
64%
Turkey
64%
Myanmar
43%
Egypt
36%
Ethiopia
29%
Canada
21%
Italy
21%
No matching quizzes found
Score Distribution
Percent of People with Each Score
Percentile by Number Answered
Your Score History
You have not taken this quiz